León (Record no. 22538)
[ view plain ]
| 000 -LEADER | |
|---|---|
| campo de control de longitud fija | 00668nam a2200193 i 4500 |
| 001 - NÚMERO DE CONTROL | |
| campo de control | 22538 |
| 003 - IDENTIFICADOR DE NÚMERO DE CONTROL | |
| campo de control | ES-MaACL |
| 005 - FECHA Y HORA DE LA ÚLTIMA TRANSACCIÓN | |
| campo de control | 20230906152720.0 |
| 007 - CAMPO FIJO DE DESCRIPCIÓN FÍSICA--INFORMACIÓN GENERAL | |
| campo de control de longitud fija | t| |
| 008 - DATOS DE LONGITUD FIJA--INFORMACIÓN GENERAL | |
| campo de control de longitud fija | 021203q1953 sp abo |||| | spa d |
| 100 1# - ENTRADA PRINCIPAL--NOMBRE DE PERSONA | |
| Nombre de persona | Alonso Gómez, Casto. |
| 9 (RLIN) | 20333 |
| 245 10 - MENCIÓN DEL TÍTULO | |
| Título | León |
| Resto del título | : manual del turista / |
| Mención de responsabilidad, etc. | por Casto Alonso Gómez y Marcelino García Menéndez. |
| 260 ## - PUBLICACIÓN, DISTRIBUCIÓN, ETC. | |
| Lugar de publicación, distribución, etc. | Valladolid : |
| Nombre del editor, distribuidor, etc. | Ediciones Libertad, |
| Fecha de publicación, distribución, etc. | 1953?] |
| 300 ## - DESCRIPCIÓN FÍSICA | |
| Extensión | 467 p. : |
| Otras características físicas | il., fot., mapas ; |
| Dimensiones | 11 x 16 cm. |
| 651 #4 - PUNTO DE ACCESO ADICIONAL DE MATERIA--NOMBRE GEOGRÁFICO | |
| Nombre geográfico | León (Provincia)- |
| Subdivisión de forma | Guías turísticas. |
| 9 (RLIN) | 163622 |
| 651 #4 - PUNTO DE ACCESO ADICIONAL DE MATERIA--NOMBRE GEOGRÁFICO | |
| Nombre geográfico | León (Provincia)- |
| Subdivisión general | Descripción. |
| 9 (RLIN) | 154425 |
| 700 1# - ENTRADA AGREGADA--NOMBRE PERSONAL | |
| Nombre de persona | García Menéndez, Marcelino. |
| 9 (RLIN) | 54941 |
| 852 ## - LOCALIZACIÓN | |
| Ubicación | ES-MaACL |
| Número de control de estantería | D-8413 |
| Estatus retirado | Estado de pérdida | Estado de daño | No para préstamo | Biblioteca de origen | Biblioteca actual | Ubicación en estantería | Fecha de adquisición | Fuente de adquisición | Total de préstamos | Signatura topográfica completa | Código de barras | Visto por última vez | Precio de reemplazo | Tipo de ítem Koha |
|---|---|---|---|---|---|---|---|---|---|---|---|---|---|---|
| Biblioteca del Ateneo de Madrid | Biblioteca del Ateneo de Madrid | Sala Valle Inclán | 17/01/2008 | D-8413 | 901023201 | 23/02/2023 | 23/02/2023 | Libro impreso |
